[Event "CRO-ch U13 Girls"]
[Site "Trogir"]
[Date "2023.06.21"]
[Round "2"]
[White "Juric, Paula"]
[Black "Maltasic, Eva"]
[Result "1/2-1/2"]
[WhiteElo "1138"]
[BlackElo "1349"]
[PlyCount "89"]
[EventDate "2023.06.21"]
[EventType "swiss"]
[EventRounds "9"]
[EventCountry "CRO"]
[SourceTitle "EXT 2024"]
[Source "ChessBase"]
[SourceDate "2023.10.10"]
[SourceVersion "1"]
[SourceVersionDate "2023.10.10"]
[SourceQuality "1"]

1. e4 c5 2. Nf3 d6 3. d4 cxd4 4. Nxd4 Nf6 5. Nc3 a6 6. f3 e6 7. Be3 Be7 8. Be2 b5 9. a3 Bb7 10. 0-0 Qc7 11. Qe1 Nbd7 12. Rd1 Rc8 13. Qf2 Ne5 14. Bd3 Nc4 15. Bxc4 Qxc4 16. Qe2 Qc7 17. Kh1 d5 18. exd5 Nxd5 19. Nxd5 Bxd5 20. Qf2 Bf6 21. c3 0-0 22. Rfe1 Rfd8 23. Ne2 Qc6 24. Nd4 Qe8 25. Qg3 Qe7 26. Bf2 Qc7 27. Qxc7 Rxc7 28. Bg3 Rcd7 29. Bf2 e5 30. Nf5 Be6 31. Ne3 Bb3 32. Rxd7 Rxd7 33. Ng4 Re7 34. Nxf6+ gxf6 35. Be3 Kg7 36. Kg1 Kg6 37. Kf2 Bc4 38. Rd1 f5 39. Rd6+ Re6 40. Bc5 Rxd6 41. Bxd6 e4 42. Ke3 Bd5 43. fxe4 fxe4 44. Bf4 f5 45. Kd4 1/2-1/2

[Event "CRO-ch U13 Girls"]
[Site "Trogir"]
[Date "2022.06.26"]
[Round "8"]
[White "Juric, Paula"]
[Black "Hajdinic, Ema"]
[Result "0-1"]
[WhiteElo "1734"]
[BlackElo "1535"]
[PlyCount "108"]
[EventDate "2022.06.22"]
[EventType "swiss"]
[EventRounds "9"]
[EventCountry "CRO"]
[SourceTitle "CBM 209 Extra"]
[Source "ChessBase"]
[SourceDate "2022.09.30"]
[SourceVersion "1"]
[SourceVersionDate "2022.09.30"]
[SourceQuality "1"]

1. e4 c5 2. Nf3 e6 3. d4 cxd4 4. Nxd4 Nf6 5. Nc3 Nc6 6. Nxc6 bxc6 7. e5 Nd5 8. Nxd5 cxd5 9. Bd3 Bc5 10. 0-0 Qc7 11. Re1 Bd4 12. Qe2 d6 13. exd6 Qxd6 14. Bb5+ Bd7 15. Bxd7+ Qxd7 16. c3 Bb6 17. Be3 Bc7 18. a4 a6 19. Bd4 Qd6 20. Be5 Qxe5 21. Qxe5 Bxe5 22. Rxe5 Rb8 23. Rae1 Kd7 24. Rb1 Rb3 25. Re2 Rhb8 26. Rc2 Kc6 27. Kf1 Kb6 28. Ra1 Ka5 29. Ra2 Rc8 30. Ke2 Rc4 31. Ke3 Rxa4 32. Rxa4+ Kxa4 33. Kd4 Kb5 34. f4 Kc6 35. c4 Rb4 36. b3 dxc4 37. Rxc4+ Rxc4+ 38. Kxc4 f6 39. g3 e5 40. h3 exf4 41. gxf4 g5 42. fxg5 fxg5 43. Kb4 h5 44. Ka5 Kb7 45. b4 g4 46. hxg4 hxg4 47. b5 axb5 48. Kxb5 g3 49. Ka5 g2 50. Kb5 g1Q 51. Ka5 Qb1 52. Ka4 Kc6 53. Ka3 Kc5 54. Ka4 Qa2# 0-1

[Event "CRO-ch U13 Girls"]
[Site "Trogir"]
[Date "2022.06.24"]
[Round "5"]
[White "Juric, Paula"]
[Black "Golub, Mia"]
[Result "1-0"]
[WhiteElo "1734"]
[BlackElo "1600"]
[PlyCount "101"]
[EventDate "2022.06.22"]
[EventType "swiss"]
[EventRounds "9"]
[EventCountry "CRO"]
[SourceTitle "CBM 209 Extra"]
[Source "ChessBase"]
[SourceDate "2022.09.30"]
[SourceVersion "1"]
[SourceVersionDate "2022.09.30"]
[SourceQuality "1"]

1. e4 c5 2. Nf3 d6 3. Bb5+ Bd7 4. Bxd7+ Nxd7 5. d4 cxd4 6. Qxd4 e5 7. Qd1 Ngf6 8. Nc3 Nc5 9. Qe2 a6 10. Bg5 Be7 11. Bxf6 Bxf6 12. 0-0 0-0 13. h3 b5 14. b4 Nb7 15. Nd5 Rc8 16. Rac1 Rc4 17. c3 a5 18. a3 Bg5 19. Nxg5 Qxg5 20. Qf3 Nd8 21. bxa5 Ra4 22. Ra1 Rxa5 23. Qf5 Ne6 24. Qxg5 Nxg5 25. Ne7+ Kh8 26. f3 Re8 27. Nf5 Rd8 28. Rfd1 Ra6 29. Rdc1 h6 30. h4 Ne6 31. Ne3 Nc5 32. Rcb1 Rb8 33. Nd5 Rc6 34. c4 Nd3 35. cxb5 Rc5 36. a4 Rbc8 37. b6 Nf4 38. Nxf4 exf4 39. b7 Rb8 40. a5 Re5 41. a6 Ree8 42. a7 g6 43. axb8Q Rxb8 44. Ra8 Rxa8 45. bxa8Q+ Kg7 46. Qd5 h5 47. Qxd6 f5 48. Rb6 fxe4 49. Qxg6+ Kf8 50. Qh7 Ke8 51. Rb8# 1-0